Futurama Quotes - Statistics

General Stats
  • This quiz has been taken 64 times
    60 since last reset
  • The average score is 13 of 23
Answer Stats
quote Character % Correct
“Have you ever thought of turning off the tv, sitting down with ur kids and hitting them?” Bender
82%
“Im a woman, you’re a man, we’re just too different!” Leela
82%
“Our relationship is the best thing in my life, so I’m sure I’ll enjoy discussing it with you.” Fry
80%
“When I'm In Command, Every Mission Is A Suicide Mission” Zapp Brannigan
80%
“You don’t understand, when I get nervous I can’t control my camouflage reflex” Kif
73%
“My whole life I've been mad at him. And it wasn't his fault.” Leela
73%
“Although our time together was short, it was the best time of my life.” Leela
71%
“Im not allowed to sing. Court ordered.” Bender
67%
“When will young people learn that dungeon & dragons won’t make you cool?!” Fry
67%
“I too once spent a nightmare-ish time in a robot asylum. But now it's nearly over. So long.” Professor Farnsworth
65%
“Of course I like bananas.” Guenter
63%
“Come on, Fry, don't be scared, I'm sure at least one of us will be spared,” Leela
63%
“If there were an afterlife I would’ve killed myself already!” Bender
61%
“Like Dr.Zoiberg. He is a monster who smells like he eats garbage and does.” Fry
55%
“Poor Fry, he’s got the munchies for freedom.” Hermes
55%
“This is why you never see a poor person with millions of dollars” Amy
43%
“You were doing very well, until everyone died.“ God
43%
“Yes. The letter I was thinking of was the letter ‘m’ 🙄” Robot devil
41%
“It’s not easy being gangreneous.” Fry
37%
“Relax, I’m sure she’s just ashamed of us.” Morris Turanga
29%
“I have got to go back to law school” Obama
12%
“THIS GUN VIOLENCE HAS GOT TO END!” Roberto
10%
“I value doctor-patient confidentiality” Roberto
6%
No matching quizzes found
Score Distribution
Percent of People with Each Score
Percentile by Number Answered
Your Score History
You have not taken this quiz since the last reset